000 01416nam a2200361 i 4500
001 33865
003 BD-RjUL
005 20211209052054.0
008 140511s1976 hiu b 101 0 eng
035 _a(BD-RjUL)33957
040 _aDLC
_cDLC
_dDLC
_dBD-RjUL
_beng
041 _aeng
082 0 0 _a309.263
_bCOM 1976
245 0 0 _aCommunication for group transformation in development /
_cedited by Godwin Chu, Syed A. Rahim, D. Lawrence Kincaid.
260 _aHonolulu :
_bEast-West Center, East-West Communication Institute,
_cc1976.
300 _axiv, 424 p. ;
_c23 cm.
490 1 _aCommunication monographs ; 2
500 _aBased on papers presented at the 1975 advanced summer seminar, East-West Communication Institute.
504 _aIncludes bibliographical references.
650 0 _aSocial change
_xCongresses.
_9102860
650 0 _aCommunication
_zDeveloping countries
_xCongresses.
_9102861
650 0 _aGroup decision-making
_xCongresses.
_9102862
650 0 _aCommunication in rural development
_xCongresses.
_9102863
830 0 _v2.
_9102868
700 1 _aChu, Godwin C.,
_d1927-
_921853
700 1 _aRahim, Syed A.
_q(Syed Ataur),
_d1930-
_9102865
700 1 _aKincaid, D. Lawrence,
_d1945-
_9102866
710 2 _aEast-West Communication Institute.
_921854
830 0 _aCommunication monographs (Honolulu) ;
_9102869
942 _2ddc
_cBK
999 _c33865
_d33865